书目信息 |
| 题名: |
国际结算
|
|
| 作者: | 姜学军 著 | |
| 分册: | ||
| 出版信息: | 大连 东北财经大学出版社 2004 |
|
| 页数: | 397页 | |
| 开本: | 20cm | |
| 丛书名: | ||
| 单 册: | ||
| 中图分类: | F830.73 | |
| 科图分类: | ||
| 主题词: | 金融 , 银行 | |
| 电子资源: | ||
| ISBN: | 7-81044-692-4 | |
| 000 | 00537nam0 2200205 450 | |
| 001 | 0630270968 | |
| 005 | 20061012082517.01 | |
| 010 | @a7-81044-692-4@dCNY19.00 | |
| 100 | @a20061012d2004 km y0chiy0120 ea | |
| 101 | 0 | @achi |
| 102 | @aCN | |
| 200 | 1 | @a国际结算@Aguo ji jie suan@f姜学军著@Fjiang xue jun zhu |
| 210 | @a大连@c东北财经大学出版社@d2004 | |
| 215 | @a397页@d20cm | |
| 606 | 0 | @a金融 |
| 606 | 0 | @a银行 |
| 690 | @aF830.73@v3 | |
| 701 | 0 | @a姜学军@Ajiang xue jun@4著 |
| 801 | 0 | @aCN@bPFT@c20061012 |
| 905 | @a10447@dF830.73@e46 | |
| 国际结算/姜学军著.-大连:东北财经大学出版社,2004 |
| 397页;20cm |
| ISBN 7-81044-692-4:CNY19.00 |
| ● |
| 相关链接 |
|
|
|
|
正题名:国际结算
索取号:F830.73/46
 
预约/预借
| 序号 | 登录号 | 条形码 | 馆藏地/架位号 | 状态 | 备注 |
| 1 | 0501628 | 205016285 | 密集书库/ [索取号:F830.73/46] | 在馆 | |
| 2 | 0501629 | 205016294 | 密集书库/ [索取号:F830.73/46] | 在馆 |